000 00407nam a2200145Ia 4500
008 190717s9999 xx 000 0 und d
100 _aMariano, Nat
245 _aMilitary always ready to deal with Reds' threat/
245 _cNat Mariano, Macon Araneta Ramos
260 _bManila Standard
260 _c2019
300 _aPage A2, January 4
440 _aManila Standard
_v32: 323
650 _aMilitary
999 _c361998
_d361998